| 000 | 00466pab a2200169 454500 | ||
|---|---|---|---|
| 008 | 180718b2000 xxu||||| |||| 00| 0 eng d | ||
| 100 | _aBreen, Richard | ||
| 245 | _aAnalyzing educational careers: a multinational transition model | ||
| 260 | _c2000 | ||
| 300 | _ap.754-72 | ||
| 362 | _aOct | ||
| 650 | _aEducational opportunities | ||
| 650 | _aEducation and employment | ||
| 700 | _aJonsson, Jan O. | ||
| 773 | _aAmerican Sociological Review | ||
| 909 | _a46775 | ||
| 999 |
_c46775 _d46775 |
||